Statistics for ヨーロッパの首都地図クイズ

Click here to take the quiz!

General Stats

  • This quiz has been taken 9 times
  • The average score is 22 of 44

Answer Stats

Answer % Correct
レイキャビク
83%
ロンドン
83%
アンドラ・ラ・ベリャ
83%
パリ
83%
オスロ
83%
コペンハーゲン
67%
リスボン
67%
マドリード
67%
ルクセンブルク
67%
アムステルダム
67%
ダブリン
67%
ローマ/バチカン市
67%
プラハ
67%
ブラチスラバ
50%
ブダペスト
50%
ワルシャワ
50%
タリン
50%
ストックホルム
50%
ヘルシンキ
50%
ビリニュス
50%
キエフ
50%
ウィーン
50%
ザグレブ
50%
ブカレスト
50%
ソフィア
50%
モナコ
50%
サンマリノ
50%
アテネ
50%
ティラナ
50%
サラエボ
50%
プリシュティナ
33%
ベルリン
33%
スコピエ
33%
ベルン
33%
ベオグラード
33%
バレッタ
33%
リガ
33%
ブリュッセル
33%
ミンスク
33%
キシナウ
33%
ポドゴリツァ
17%
モスクワ
17%
ファドゥーツ
17%
リュブリャナ
17%

Score Distribution

Percentile by Number Answered

Percent of People with Each Score

Your Score History

You have not taken this quiz